Sonetos de Miguel Angel y sonetos a Italia de Guillermo Belmonte Müler / (Record no. 104165)

MARC details
000 -LEADER
campo de control de longitud fija 00785nam a2200193 i 4500
001 - NÚMERO DE CONTROL
campo de control 104165
003 - IDENTIFICADOR DE NÚMERO DE CONTROL
campo de control ES-MaACL
005 - FECHA Y HORA DE LA ÚLTIMA TRANSACCIÓN
campo de control 20240302062939.0
007 - CAMPO FIJO DE DESCRIPCIÓN FÍSICA--INFORMACIÓN GENERAL
campo de control de longitud fija t|
008 - DATOS DE LONGITUD FIJA--INFORMACIÓN GENERAL
campo de control de longitud fija 051124s1966 sp ||||1| spa d
100 0# - ENTRADA PRINCIPAL--NOMBRE DE PERSONA
Nombre de persona Michelangelo,
Fechas asociadas al nombre 1475-1564
9 (RLIN) 80912
245 10 - MENCIÓN DEL TÍTULO
Título Sonetos de Miguel Angel y sonetos a Italia de Guillermo Belmonte Müler /
Mención de responsabilidad, etc. recopilación y notas biográficas de Vicente Ortí Belmonte.
260 ## - PUBLICACIÓN, DISTRIBUCIÓN, ETC.
Lugar de publicación, distribución, etc. Córdoba :
Nombre del editor, distribuidor, etc. Real Academia de Córdoba de Ciencias, Bellas Artes y Nobles Artes,
Fecha de publicación, distribución, etc. 1966.
300 ## - DESCRIPCIÓN FÍSICA
Extensión 100 p., 2 h. con 4 lám. :
Otras características físicas il. ;
Dimensiones 25 cm.
700 1# - ENTRADA AGREGADA--NOMBRE PERSONAL
Nombre de persona Ortí Belmonte, Vicente.
9 (RLIN) 87528
710 2# - ENTRADA AGREGADA--NOMBRE DE ENTIDAD CORPORATIVA
Nombre de entidad corporativa o nombre de jurisdicción como elemento de entrada Real Academia de Córdoba de Ciencias, Bellas Letras y Nobles Artes.
9 (RLIN) 6302
852 ## - LOCALIZACIÓN
Ubicación ES-MaACL
Número de control de estantería C-30827
Sublocalización o colección R.70066
Holdings
Estatus retirado Estado de pérdida Estado de daño No para préstamo Biblioteca de origen Biblioteca actual Ubicación en estantería Fecha de adquisición Fuente de adquisición Total de préstamos Signatura topográfica completa Código de barras Visto por última vez Precio de reemplazo Tipo de ítem Koha
        Biblioteca del Ateneo de Madrid Biblioteca del Ateneo de Madrid Depósito 2 17/01/2008     C-30827 1108756 23/02/2023 23/02/2023 Libro impreso